000 00409nam a2200157 i 4500
001 104007
003 ES-MaACL
005 20230906183506.0
007 t|
008 051122s1935 fr ||||1| fre d
100 1 _aMeyerson, Emile.
_980815
245 1 3 _aLa déduction relativiste /
_cEmile Meyerson.
260 _aParis :
_bPayot,
_c1935.
300 _aXVI, 396 p. ;
_c23 cm.
852 _aES-MaACL
_jF-4977
999 _c104007
_d104007